00166nam a2200085Ia 4500100000900000654002700009245002300036260000900059546001200068 a#N/A aProcess of Negotiation aNegotiation skills b#N/A aENGLISH